000 00610nam a2200181 i 4500
001 57226
003 ES-MaACL
007 t|
008 031015s1936 sp ||||1| spa d
100 1 _aCasals Torres, Manuel.
_936080
245 1 0 _aTrescientos casos de divorcio civil resueltos por el Tribunal Supremo
_b: legislación, formularios y jurisprudencia /
_cManuel Casals Torres.
260 _aBarcelona :
_bBosch,
_c1936 (
_fClarasó)
300 _a259 p. ;
_c22 cm.
500 _aApéndice 1 a la obra "Divorcio civil"
852 _aES-MaACL
_jP-759-bis
852 _aES-MaACL
_jC-7045
999 _c57226
_d57226